Cliquez sur les départements en M sur une carte - Statistiques

Statistiques générales
  • Ce quiz a été pris 87 fois
  • Le résultat moyen est 8 sur 10
Réponses sur la Carte
Les réponses sont colorées sur une échelle allant du rouge au vert en fonction du pourcentage des utilisateurs qui les ont devinées à leur premier essai. Vous pouvez retrouver ces pourcentages ci-dessous.
 
Statistiques - réponses
Réponse % Correct
Manche
89%
Martinique
87%
Marne
81%
Morbihan
81%
Mayotte
80%
Meuse
79%
Maine-et-Loire
77%
Moselle
77%
Mayenne
76%
Meurthe-et-Moselle
76%
Aucun quiz correspondant
Distribution des résultats
% des personnes avec chaque résultat
Percentile par nombre de réponses
Votre historique - résultats
Vous n’avez pas pris ce quiz